[Event "Dubai op 10th"]
[Site "Dubai"]
[Date "2008.04.08"]
[Round "3"]
[White "Sadatnajafi, Mohamed"]
[Black "Arutinian, David"]
[Result "0-1"]
[WhiteElo "2288"]
[BlackElo "2593"]
[PlyCount "82"]
[EventDate "2008.04.06"]
[EventType "swiss"]
[EventRounds "9"]
[EventCountry "UAE"]
[SourceTitle "CBM 123 Extra"]
[Source "ChessBase"]
[SourceDate "2008.05.06"]
[SourceVersion "1"]
[SourceVersionDate "2008.05.06"]
[SourceQuality "1"]

1. e4 c5 2. Nf3 d6 3. d4 cxd4 4. Nxd4 Nf6 5. Nc3 Nc6 6. Bg5 e6 7. Qd2 Qb6 8. 0-0-0 Qxd4 9. Qxd4 Nxd4 10. Rxd4 a6 11. f4 h6 12. Bh4 Be7 13. Be2 e5 14. fxe5 dxe5 15. Rc4 Be6 16. Rc7 Rb8 17. Bxf6 Bd6 18. Bxg7 Rg8 19. Bxe5 Bxe5 20. Rc5 Bd4 21. Rh5 Rxg2 22. Bd3 Bg4 23. Rd5 Rd8 24. h3 Be6 25. Rh5 Kf8 26. Nd5 Rg3 27. Kb1 Bg7 28. Nf4 Bc8 29. Rf1 Rg5 30. Rh4 Rd6 31. a3 Be5 32. Bc4 Rf6 33. Rd1 Ke8 34. Nh5 Rf3 35. Rd3 Rf2 36. Bd5 Rg1+ 37. Ka2 Rxc2 38. Rb3 Rgg2 39. Kb1 Rxb2+ 40. Rxb2 Rxb2+ 41. Kc1 Rf2 0-1

[Event "Fajr op 16th"]
[Site "Urmia"]
[Date "2008.02.04"]
[Round "3"]
[White "Sadatnajafi, Mohamed"]
[Black "Shanava, Konstantine"]
[Result "1-0"]
[WhiteElo "2256"]
[BlackElo "2521"]
[PlyCount "57"]
[EventDate "2008.02.03"]
[EventType "swiss"]
[EventRounds "11"]
[EventCountry "IRI"]
[SourceTitle "CBM 122 Extra"]
[Source "ChessBase"]
[SourceDate "2008.03.04"]
[SourceVersion "1"]
[SourceVersionDate "2008.03.04"]
[SourceQuality "1"]

1. e4 c5 2. Nf3 d6 3. d4 cxd4 4. Nxd4 Nf6 5. Nc3 g6 6. Be3 Bg7 7. f3 a6 8. Qd2 Nbd7 9. 0-0-0 b5 10. g4 Bb7 11. g5 Nh5 12. Nce2 Nb6 13. Ng3 Nxg3 14. hxg3 d5 15. Qf2 Na4 16. Bh3 e5 17. Nb3 d4 18. Kb1 b4 19. Nxd4 exd4 20. Bxd4 Bxd4 21. Rxd4 Qa5 22. Bd7+ Ke7 23. Qe3 Kf8 24. Qf4 Nc5 25. Qe5 Kg8 26. Be8 Rc8 27. Bxf7+ Kxf7 28. Qf6+ Kg8 29. Rhd1 1-0

[Event "Fajr op 14th"]
[Site "Tehran"]
[Date "2006.01.28"]
[Round "5"]
[White "Bistric, Faruk"]
[Black "Sadatnajafi, Mohamed"]
[Result "1/2-1/2"]
[WhiteElo "2434"]
[BlackElo "2189"]
[PlyCount "112"]
[EventDate "2006.01.24"]
[EventType "swiss"]
[EventRounds "9"]
[EventCountry "IRI"]
[SourceTitle "CBM 110 Extra"]
[Source "ChessBase"]
[SourceDate "2006.03.10"]
[SourceVersion "2"]
[SourceVersionDate "2006.03.10"]
[SourceQuality "1"]

1. e4 c5 2. Nf3 e6 3. c4 Nc6 4. Nc3 Nf6 5. Be2 d5 6. exd5 exd5 7. d4 cxd4 8. Nxd4 dxc4 9. Nxc6 Qxd1+ 10. Kxd1 bxc6 11. Bxc4 Bg4+ 12. f3 0-0-0+ 13. Ke2 Re8+ 14. Kf1 Be6 15. Ba6+ Kc7 16. Bf4+ Kb6 17. Be2 Nd5 18. Bd2 Nxc3 19. Bxc3 f6 20. b4 Bd6 21. Kf2 Bd5 22. a4 Re7 23. Rhc1 Rhe8 24. Bf1 Bf4 25. Bd4+ Kb7 26. Rc2 Bb3 27. Re2 Rxe2+ 28. Bxe2 Be5 29. Bxe5 Rxe5 30. a5 Kc7 31. Rc1 Ba4 32. Bd3 h6 33. f4 Rd5 34. Ke3 Bb5 35. Be4 Rd6 36. h4 Rd8 37. g4 Rb8 38. Kd4 Kd6 39. Rc5 Ba4 40. Kc3 Re8 41. Rc4 Bb5 42. Rd4+ Kc7 43. h5 Re7 44. Kd2 Rd7 45. Kc3 Rxd4 46. Kxd4 Kd6 47. Bf3 Ba4 48. Be2 Bc2 49. Bf3 Bb3 50. Be4 Bd1 51. Bf5 Bf3 52. Bc8 Bd5 53. Bf5 Bf3 54. Ke3 Bd1 55. Kd4 Bf3 56. Bc8 Bd5 1/2-1/2

[Event "Fajr op 14th"]
[Site "Tehran"]
[Date "2006.01.25"]
[Round "3"]
[White "Sadatnajafi, Mohamed"]
[Black "Moradiabadi, Elshan"]
[Result "1/2-1/2"]
[WhiteElo "2189"]
[BlackElo "2470"]
[PlyCount "105"]
[EventDate "2006.01.24"]
[EventType "swiss"]
[EventRounds "9"]
[EventCountry "IRI"]
[SourceTitle "CBM 110 Extra"]
[Source "ChessBase"]
[SourceDate "2006.03.10"]
[SourceVersion "2"]
[SourceVersionDate "2006.03.10"]
[SourceQuality "1"]

1. e4 c5 2. Nf3 e6 3. Nc3 a6 4. g3 Nc6 5. Bg2 Nf6 6. 0-0 d6 7. d4 cxd4 8. Nxd4 Bd7 9. Be3 Be7 10. Qe2 0-0 11. h3 Rc8 12. Nxc6 Bxc6 13. Rfd1 Qc7 14. a4 Nd7 15. a5 Rfe8 16. f4 Bf8 17. Kh2 g6 18. Qf2 Bg7 19. Qe2 d5 20. e5 Bf8 21. Qf2 Bb4 22. Bd2 Bxa5 23. Nxd5 Bxd5 24. Bxa5 Qxc2 25. Rd2 Qb3 26. Bxd5 exd5 27. Rad1 Nc5 28. Qg2 b6 29. Bc3 Ne4 30. Rxd5 Nxc3 31. bxc3 Rxc3 32. R1d2 Rec8 33. e6 fxe6 34. Rd8+ Rxd8 35. Rxd8+ Kg7 36. Rd7+ Kf6 37. g4 g5 38. fxg5+ Ke5 39. Rd2 Re3 40. Qf2 Qc3 41. Qf6+ Ke4 42. Qxe6+ Qe5+ 43. Qxe5+ Kxe5 44. Rd7 Kf4 45. Rxh7 Re2+ 46. Kg1 Kxg5 47. Kf1 Rb2 48. Rg7+ Kf6 49. Ra7 a5 50. h4 Rb4 51. h5 Rxg4 52. h6 Rh4 53. Rb7 1/2-1/2

[Event "Fajr op 13th"]
[Site "Tehran"]
[Date "2005.01.28"]
[Round "2"]
[White "Sadatnajafi, Mohamed"]
[Black "Bistric, Faruk"]
[Result "0-1"]
[WhiteElo "2161"]
[BlackElo "2454"]
[PlyCount "82"]
[EventDate "2005.01.04"]
[EventType "swiss"]
[EventRounds "9"]
[EventCountry "IRI"]
[SourceTitle "CBM 104 Extra"]
[Source "ChessBase"]
[SourceDate "2005.03.01"]
[SourceVersion "1"]
[SourceVersionDate "2005.03.01"]
[SourceQuality "1"]

1. e4 c5 2. Nf3 e6 3. d4 cxd4 4. Nxd4 a6 5. Bd3 Bc5 6. Nb3 Be7 7. 0-0 d6 8. c4 Nf6 9. Nc3 b6 10. Be3 Bb7 11. f3 Nbd7 12. Rf2 0-0 13. a4 Rb8 14. a5 bxa5 15. Nxa5 Ba8 16. Rd2 Qc7 17. Be2 Rb4 18. Qe1 Rfb8 19. Ra2 Nc5 20. Qg3 Nfd7 21. Bd4 Ne5 22. h4 Bf6 23. h5 h6 24. Qf2 Ned7 25. Bxf6 Nxf6 26. Qd4 d5 27. exd5 exd5 28. Qh4 Ne6 29. Qf2 d4 30. Nd5 Nxd5 31. cxd5 Bxd5 32. b3 Qe5 33. Bxa6 Qg5 34. Rd1 Nf4 35. Kf1 Qxh5 36. Bc4 Bxc4+ 37. Nxc4 Rxb3 38. Qxd4 Qh1+ 39. Qg1 Rxf3+ 40. Rf2 Rxf2+ 41. Kxf2 Qh4+ 0-1

[Event "Abu Dhabi op 13th"]
[Site "Abu Dhabi"]
[Date "2003.08.20"]
[Round "5"]
[White "Al Huwar, Jasem"]
[Black "Sadatnajafi, Mohamed"]
[Result "0-1"]
[WhiteElo "2318"]
[BlackElo "2223"]
[PlyCount "140"]
[EventDate "2003.08.16"]
[EventType "swiss"]
[EventRounds "9"]
[EventCountry "UAE"]
[SourceTitle "CBM 097"]
[Source "ChessBase"]
[SourceDate "2003.11.11"]
[SourceVersion "1"]
[SourceVersionDate "2003.11.11"]
[SourceQuality "1"]

1. Nf3 c5 2. g3 b6 3. Bg2 Bb7 4. c4 Nf6 5. 0-0 e6 6. b3 Be7 7. Bb2 0-0 8. e3 d6 9. Nc3 Nbd7 10. d4 cxd4 11. Nxd4 Bxg2 12. Kxg2 Qc7 13. f4 Qb7+ 14. Qf3 Qxf3+ 15. Kxf3 Rac8 16. g4 Rfd8 17. Rfd1 a6 18. g5 Nh5 19. Rd2 g6 20. Rad1 Ng7 21. Ne4 Ne8 22. h4 Nc5 23. Nxc5 bxc5 24. Ne2 Bf8 25. Ng3 a5 26. h5 a4 27. hxg6 fxg6 28. Ne4 axb3 29. axb3 Rc6 30. Be5 Be7 31. Bc3 Rb8 32. Ra2 Rcb6 33. Rh1 Rxb3 34. Rah2 d5 35. Rxh7 dxe4+ 36. Kxe4 Rxc3 37. Rh8+ Kf7 38. R1h7+ Ng7 39. Rxb8 Rxc4+ 40. Kd3 Rb4 41. Rc8 Rb7 42. Ke4 Rd7 43. Rc6 Kg8 44. Rh6 Kf7 45. Rh7 Bd6 46. Rc8 Rc7 47. Rd8 Be7 48. Rd1 c4 49. Rc1 Bb4 50. Rc2 Ba5 51. Rh1 Bb6 52. Rb1 Ba7 53. Rcb2 Nf5 54. Ke5 Bxe3 55. Rh2 Bd4+ 56. Ke4 c3 57. Rd1 Bg7 58. Ra2 Nd4 59. Kd3 Ke7 60. Ra4 Nf5 61. Re1 Rd7+ 62. Kc2 Rd2+ 63. Kc1 Bd4 64. Rd1 Rxd1+ 65. Kxd1 Kd6 66. Kc2 Ne3+ 67. Kd3 e5 68. fxe5+ Kxe5 69. Ra6 c2 70. Rc6 Bb2 0-1

[Event "Abu Dhabi op 13th"]
[Site "Abu Dhabi"]
[Date "2003.08.17"]
[Round "2"]
[White "Sadatnajafi, Mohamed"]
[Black "Eid, Fadi"]
[Result "1/2-1/2"]
[WhiteElo "2223"]
[BlackElo "2398"]
[PlyCount "90"]
[EventDate "2003.08.16"]
[EventType "swiss"]
[EventRounds "9"]
[EventCountry "UAE"]
[SourceTitle "CBM 097"]
[Source "ChessBase"]
[SourceDate "2003.11.11"]
[SourceVersion "1"]
[SourceVersionDate "2003.11.11"]
[SourceQuality "1"]

1. e4 Nc6 2. Nf3 d6 3. d4 Nf6 4. Nc3 Bg4 5. Be2 e5 6. d5 Ne7 7. h3 Bd7 8. Be3 Ng6 9. h4 c6 10. h5 Nf4 11. Bxf4 exf4 12. Qd2 Be7 13. Qxf4 0-0 14. Nd4 cxd5 15. exd5 Qa5 16. Bf3 Qb4 17. Rb1 Rac8 18. a3 Qc4 19. Nde2 Qa6 20. 0-0 h6 21. Ng3 Nh7 22. Be4 Bf6 23. Nge2 Be5 24. Qe3 Nf6 25. Bf3 Ng4 26. Bxg4 Bxg4 27. Ng3 Rc4 28. Na2 Qb5 29. Qd3 Bxg3 30. Qxg3 Qxd5 31. b3 Rd4 32. c3 Rd2 33. Qxg4 Rxa2 34. c4 Qa5 35. a4 Qb6 36. Qd7 a6 37. b4 Rd8 38. a5 Qxa5 39. Qxb7 Qxh5 40. Ra1 Rc2 41. Qxa6 Qg5 42. Rad1 h5 43. Rxd6 Rxd6 44. Qxd6 Rxc4 45. Rd1 Qg4 1/2-1/2

[Event "Dubai op 05th"]
[Site "Dubai"]
[Date "2003.04.20"]
[Round "1"]
[White "Gleizerov, Evgeny"]
[Black "Sadatnajafi, Mohamed"]
[Result "1/2-1/2"]
[WhiteElo "2574"]
[BlackElo "2237"]
[PlyCount "118"]
[EventDate "2003.04.20"]
[EventType "swiss"]
[EventRounds "9"]
[EventCountry "UAE"]
[SourceTitle "CBM 093 Extra"]
[Source "ChessBase"]
[SourceDate "2003.05.09"]
[SourceVersion "1"]
[SourceVersionDate "2003.05.09"]
[SourceQuality "1"]

1. d4 Nf6 2. c4 c5 3. d5 b5 4. cxb5 a6 5. b6 d6 6. Nc3 Nbd7 7. e4 g6 8. Nf3 Bg7 9. Be2 0-0 10. 0-0 Nxb6 11. a4 a5 12. Bf4 Nh5 13. Bg5 Ba6 14. Bxa6 Rxa6 15. Nd2 Ra7 16. Rc1 Rb7 17. b3 f5 18. g4 fxg4 19. Qxg4 Qd7 20. f3 Bd4+ 21. Kg2 Qxg4+ 22. fxg4 Rxf1 23. Kxf1 Nf6 24. h3 Bxc3 25. Rxc3 Nbd7 26. Bxf6 Nxf6 27. g5 Nd7 28. Nc4 Ra7 29. Ke2 h6 30. h4 hxg5 31. hxg5 Kg7 32. Rh3 Ra8 33. Kd3 Ra7 34. Re3 Ra8 35. e5 dxe5 36. Nxe5 Nb6 37. Ke4 Rd8 38. Nc4 Nxc4 39. bxc4 Rb8 40. Ke5 Kf7 41. Rh3 Rb1 42. Rh7+ Ke8 43. d6 Re1+ 44. Kd5 exd6 45. Kxd6 Ra1 46. Re7+ Kf8 47. Ra7 Rxa4 48. Kxc5 Ra1 49. Kb5 Rg1 50. c5 Rxg5 51. Kb6 Rg1 52. Rxa5 Ke7 53. Kc7 g5 54. c6 g4 55. Re5+ Kf6 56. Rb5 g3 57. Kb7 Rc1 58. Rb2 Kf5 59. c7 Kf4 1/2-1/2

[Event "Fajr op 11th"]
[Site "Tehran"]
[Date "2003.03.01"]
[Round "3"]
[White "Mallahi, Amir"]
[Black "Sadatnajafi, Mohamed"]
[Result "0-1"]
[WhiteElo "2395"]
[BlackElo "2220"]
[PlyCount "114"]
[EventDate "2003.02.27"]
[EventType "swiss"]
[EventRounds "9"]
[EventCountry "IRI"]
[SourceTitle "CBM 093 Extra"]
[Source "ChessBase"]
[SourceDate "2003.05.09"]
[SourceVersion "1"]
[SourceVersionDate "2003.05.09"]
[SourceQuality "1"]

1. e4 c5 2. Nf3 e6 3. d4 cxd4 4. Nxd4 Nc6 5. Nc3 Qc7 6. Be3 a6 7. Bd3 Nf6 8. 0-0 Bd6 9. h3 Bf4 10. Bxf4 Qxf4 11. Nde2 Qc7 12. f4 d6 13. Kh1 0-0 14. Qe1 b5 15. Qh4 b4 16. Nd1 Bb7 17. Ne3 Ne7 18. e5 Ne4 19. f5 Nxf5 20. Nxf5 exf5 21. Rxf5 g6 22. Rf6 d5 23. Bxe4 dxe4 24. Qf4 Rae8 25. Rf1 Qxe5 26. Rb6 Qe7 27. Nd4 f5 28. Qe3 Bd5 29. b3 Qe5 30. Ne2 Rc8 31. Rxa6 Rxc2 32. Ra5 Qb2 33. Nf4 Bf7 34. Qg3 Qc3 35. Qg5 e3 36. Rxf5 e2 37. Nxe2 Rxe2 38. R5f3 Qe5 39. Qg4 Re4 40. Qd7 Rd4 41. Qa7 Qd5 42. Qb6 Rd2 43. Qxb4 Rxa2 44. Qe7 Rb2 45. b4 Qd2 46. R1f2 Qxf2 47. Rxf2 Rxf2 48. Qe5 Re8 49. Qd4 Re1+ 50. Kh2 Ree2 51. Qd8+ Re8 52. Qd4 Ra2 53. b5 h6 54. b6 Ree2 55. b7 Rxg2+ 56. Kh1 Rgb2 57. Qd8+ Kh7 0-1

[Event "Abu Dhabi op 12th"]
[Site "Abu Dhabi"]
[Date "2002.08.12"]
[Round "1"]
[White "Vahidov, Tair"]
[Black "Sadatnajafi, Mohamed"]
[Result "1-0"]
[WhiteElo "2500"]
[BlackElo "2279"]
[PlyCount "61"]
[EventDate "2002.08.12"]
[EventType "swiss"]
[EventRounds "9"]
[EventCountry "UAE"]
[SourceTitle "CBM 089 Extra"]
[Source "ChessBase"]
[SourceDate "2002.09.10"]
[SourceVersion "2"]
[SourceVersionDate "2002.09.10"]
[SourceQuality "1"]

1. Nf3 Nf6 2. c4 c5 3. g3 d5 4. cxd5 Nxd5 5. Bg2 Nc6 6. Nc3 Nc7 7. 0-0 e5 8. d3 Bd6 9. Nd2 0-0 10. Nc4 f5 11. a3 Be6 12. Rb1 Rb8 13. Nxd6 Qxd6 14. b4 cxb4 15. axb4 Nd4 16. b5 Bf7 17. Bd2 Rfe8 18. Re1 Nd5 19. e3 Nxc3 20. Bxc3 Ne6 21. Qe2 Nc7 22. Ba1 Qb6 23. Qb2 Rbd8 24. Red1 Bh5 25. Rd2 Re7 26. Qb4 Ree8 27. Rc2 Bf7 28. Qc5 Qxc5 29. Rxc5 Re7 30. Rxe5 Red7 31. Bxb7 1-0

[Event "Dubai op 04th"]
[Site "Dubai"]
[Date "2002.04.18"]
[Round "4"]
[White "Odeev, Handszar"]
[Black "Sadatnajafi, Mohamed"]
[Result "1/2-1/2"]
[WhiteElo "2474"]
[BlackElo "2225"]
[PlyCount "88"]
[EventDate "2002.04.15"]
[EventType "swiss"]
[EventRounds "9"]
[EventCountry "UAE"]
[SourceTitle "CBM 087 Extra"]
[Source "ChessBase"]
[SourceDate "2002.05.03"]
[SourceVersion "2"]
[SourceVersionDate "2002.08.09"]
[SourceQuality "1"]

1. e4 c5 2. Nf3 e6 3. d4 cxd4 4. Nxd4 Nc6 5. Nc3 Qc7 6. Be2 a6 7. 0-0 Nf6 8. Nxc6 bxc6 9. f4 d5 10. e5 Nd7 11. Qe1 Bc5+ 12. Kh1 0-0 13. Na4 Be7 14. Be3 c5 15. c4 d4 16. Bd2 Bb7 17. b3 Rae8 18. Bh5 g6 19. Bg4 f5 20. Bf3 Bxf3 21. Rxf3 Kh8 22. Qe2 g5 23. Rh3 g4 24. Rd3 Qc6 25. Kg1 Qe4 26. Re1 Qc6 27. g3 h5 28. h4 Rb8 29. Qg2 Qc7 30. Rb1 Rfd8 31. Be1 Nf8 32. Rdd1 Ng6 33. Qf1 Qc6 34. Nb2 Kg7 35. Nd3 Re8 36. Qg2 Rec8 37. Rb2 Bf8 38. Re2 Qxg2+ 39. Kxg2 Ne7 40. Rb2 Nc6 41. Kf1 Kf7 42. Ke2 Rb7 43. Bd2 a5 44. Rdb1 Rcb8 1/2-1/2

[Event "Dubai op 04th"]
[Site "Dubai"]
[Date "2002.04.17"]
[Round "3"]
[White "Sadatnajafi, Mohamed"]
[Black "Ravi, Thandalam Shanmugam"]
[Result "1/2-1/2"]
[WhiteElo "2225"]
[BlackElo "2351"]
[PlyCount "96"]
[EventDate "2002.04.15"]
[EventType "swiss"]
[EventRounds "9"]
[EventCountry "UAE"]
[SourceTitle "CBM 087 Extra"]
[Source "ChessBase"]
[SourceDate "2002.05.03"]
[SourceVersion "2"]
[SourceVersionDate "2002.08.09"]
[SourceQuality "1"]

1. e4 e5 2. Nf3 Nc6 3. Bb5 a6 4. Ba4 Nf6 5. 0-0 Be7 6. Re1 b5 7. Bb3 d6 8. c3 0-0 9. h3 Nd7 10. d4 Bf6 11. a4 Bb7 12. d5 Ne7 13. Nbd2 c6 14. dxc6 Bxc6 15. Bc2 g6 16. Nf1 d5 17. Bh6 Re8 18. Ng3 Nc5 19. axb5 axb5 20. exd5 Nxd5 21. Ne4 Nxe4 22. Bxe4 Rxa1 23. Qxa1 Qc7 24. Qa2 Nb6 25. Bxc6 Qxc6 26. Qb1 Nc4 27. Nd2 Nxd2 28. Bxd2 Bg7 29. Qe4 Qd6 30. Qe2 Qd5 31. Ra1 h5 32. Be3 Rb8 33. Rd1 Qc6 34. Qd3 b4 35. Qd5 Qxd5 36. Rxd5 bxc3 37. bxc3 Rc8 38. Rc5 Rxc5 39. Bxc5 f5 40. Kf1 Kf7 41. Ke2 Ke6 42. c4 g5 43. Be3 Bf6 44. Bd2 Be7 45. Kd3 Bd8 46. Bb4 Bf6 47. Bd2 Kd6 48. Bb4+ Ke6 1/2-1/2

[Event "Dubai op 03rd"]
[Site "Dubai"]
[Date "2001.04.23"]
[Round "8"]
[White "Sadatnajafi, Mohamed"]
[Black "Vahidov, Tair"]
[Result "0-1"]
[WhiteElo "2192"]
[BlackElo "2468"]
[PlyCount "120"]
[EventDate "2001.04.15"]
[EventType "swiss"]
[EventRounds "9"]
[EventCountry "UAE"]
[SourceTitle "CBM 083"]
[Source "ChessBase"]
[SourceDate "2001.07.05"]
[SourceVersion "1"]
[SourceVersionDate "2001.07.05"]
[SourceQuality "1"]

1. e4 e6 2. d4 d5 3. Nd2 Be7 4. Ngf3 Nf6 5. Bd3 c5 6. c3 Nc6 7. dxc5 Bxc5 8. 0-0 Qc7 9. Qe2 Bd7 10. b4 Bd6 11. Bb2 Ne5 12. Nxe5 Bxe5 13. Nf3 dxe4 14. Nxe5 exd3 15. Nxd3 Bb5 16. Rfd1 0-0 17. Qe5 Qc6 18. Nf4 Rfd8 19. c4 Qxc4 20. Rdc1 Qxb4 21. Bc3 Qe4 22. Qxb5 Qxf4 23. Bxf6 Qxf6 24. Qxb7 Rdb8 25. Qc7 g6 26. Rab1 Rxb1 27. Rxb1 Qd8 28. Rc1 Qd2 29. a4 Rd8 30. h3 Rd7 31. Qb8+ Rd8 32. Qc7 Rd5 33. Rb1 a5 34. Rc1 Kg7 35. Rf1 Qb4 36. Ra1 Qd4 37. Qc1 Rc5 38. Qe1 Rc2 39. Rd1 Qc5 40. Rb1 Qd4 41. Rd1 Qf6 42. Qe3 Rc4 43. Qa3 Qc3 44. Qxc3+ Rxc3 45. Rd7 Rc1+ 46. Kh2 Rc4 47. Ra7 Rxa4 48. Kg3 g5 49. Kf3 h5 50. Ke3 h4 51. Kf3 Kg6 52. Ra6 Kf5 53. g4+ Ke5 54. Ra7 Ra3+ 55. Kg2 f5 56. gxf5 exf5 57. Rc7 Rd3 58. Ra7 Rd5 59. Kf3 Rb5 60. Ra8 Kd4 0-1